[Event "Sampa Chess Open 2024"]
[Site "Sao Paulo"]
[Date "2024.02.04"]
[Round "9.23"]
[White "Cardoso, Maria Paula Da Silv"]
[Black "Gazineu Neto, Rubens"]
[Result "1/2-1/2"]
[WhiteElo "1780"]
[BlackElo "1912"]
[PlyCount "69"]
[EventDate "2024.01.29"]
[EventRounds "9"]
[EventCountry "BRA"]

1. e4 c5 2. c3 d5 3. exd5 Qxd5 4. Nf3 Nc6 5. Na3 Bg4 6. Be2 Nf6 7. Nc2 Qd7 8.
d4 cxd4 9. Ncxd4 Nxd4 10. Nxd4 Bxe2 11. Qxe2 e6 12. O-O Be7 $146 ({RR} 12...
Bc5 13. Rd1 O-O 14. Bg5 Qe7 15. Qf3 Rfd8 16. Nb3 Bb6 17. Nd2 h6 18. Bxf6 Qxf6
19. Qxf6 gxf6 20. Nb3 Rac8 21. Kf1 Kf8 22. Ke2 Ke7 23. a4 a5 24. Rac1 Rg8 25.
g3 Rg4 26. f4 h5 27. c4 {Buiza Prieto,E (2095)-Munoz Garcia,J (1852) Salobrena
2015 1-0 (33)}) 13. Bg5 O-O 14. Rfe1 Rfe8 15. Rad1 Qc8 16. Qf3 a6 17. b3 Qc7
18. a4 Rac8 19. c4 h6 20. Bf4 Qb6 21. Rd3 Bc5 22. Nc2 Rcd8 23. Rxd8 Rxd8 24. g3
Be7 25. a5 Qa7 26. Be3 Bc5 27. Bxc5 Qxc5 28. Qxb7 Rd2 29. Qb6 Nd7 30. Qxc5 Nxc5
31. Nb4 Nxb3 32. Nxa6 Ra2 33. Rb1 Nxa5 34. c5 Rc2 35. Rb6 1/2-1/2

[Event "Sampa Chess Open 2024"]
[Site "Sao Paulo"]
[Date "2024.02.04"]
[Round "9.26"]
[White "Carvalho Jr, Celestino"]
[Black "Fernandez Barrero, Javier"]
[Result "1-0"]
[WhiteElo "1939"]
[BlackElo "1743"]
[PlyCount "70"]
[EventDate "2024.01.29"]
[EventRounds "9"]
[EventCountry "BRA"]

1. e4 e5 2. Bc4 Nf6 3. d4 exd4 4. Nf3 Bb4+ 5. c3 dxc3 6. O-O d6 ({RR} 6... O-O
7. e5 d5 8. exf6 dxc4 9. fxg7 Re8 10. Qa4 Nc6 11. bxc3 Bg4 12. cxb4 Bxf3 13.
gxf3 Nd4 14. Qd1 Qf6 15. Kh1 Re2 16. h3 Qxf3+ 17. Kg1 Rd8 18. Be3 Qxh3 19. Bxd4
Qg4+ 20. Kh2 Rxd4 21. Nc3 {Li,R (2559)-Bai,J (2568) Las Vegas USA 2018 0-1}) ({
RR} 6... O-O 7. bxc3 Be7 8. e5 Ne8 9. Bf4 Nc6 10. Re1 d6 11. Qc2 dxe5 12. Nxe5
Nxe5 13. Bxe5 Bf6 14. Nd2 Nd6 15. Bd3 h6 16. h3 Bxe5 17. Rxe5 Qf6 18. Rae1 Bd7
19. Nc4 Rfe8 20. R5e3 Rxe3 21. Rxe3 {Gusakov,P-Swiatek,M (1501) Poznan POL
2021 0-1 (44)}) 7. Bxf7+ $146 ({RR} 7. e5 c2 8. Qxc2 dxe5 9. Qa4+ Nc6 10. Nxe5
Bd6 11. Nxf7 Qe7 12. Bd2 Bd7 13. Re1 Ne4 14. Nxd6+ cxd6 15. Rxe4 Ne5 16. Bb5
O-O 17. Bxd7 Rf7 18. Bb5 Kh8 19. Nc3 Raf8 20. Rf1 Qe6 21. Bc4 Nf3+ {
Vinciguerra,M (2096)-Bertagia,R (2002) Bratto 2005 1-0}) 7... Kxf7 8. Qb3+ Kf8
9. Qxb4 cxb2 10. Bxb2 Nc6 11. Qa3 Nxe4 12. Qe3 Nf6 13. Nbd2 Qe8 14. Qf4 h6 15.
Bxf6 Qf7 16. Bxg7+ Kxg7 17. Qg3+ Qg6 18. Rab1 Qxg3 19. hxg3 Rb8 20. Rfc1 Bf5
21. Rb5 Bd7 22. Nh4 Nd4 23. Rxc7 Nxb5 24. Rxd7+ Kf6 25. a4 Ke6 26. Rg7 Nc3 27.
Rg6+ Kd7 28. Nc4 d5 29. Ne5+ Kc7 30. Nf5 Rh7 31. g4 b5 32. Rc6+ Kd8 33. Rxc3 b4
34. Nc6+ Kc8 35. Nxb4+ Rc7 1-0

[Event "Sampa Chess Open 2024"]
[Site "Sao Paulo"]
[Date "2024.02.04"]
[Round "9.27"]
[White "Deus Filho, Joaquim De"]
[Black "Bastos, Danillo Alves"]
[Result "1-0"]
[WhiteElo "1848"]
[BlackElo "1667"]
[PlyCount "51"]
[EventDate "2024.01.29"]
[EventRounds "9"]
[EventCountry "BRA"]

1. e4 e6 2. Qe2 c5 3. f4 Nc6 4. Nf3 g6 5. Nc3 ({RR} 5. d3 Bg7 6. c3 Nge7 7. Be3
d6 8. Nbd2 b6 9. d4 O-O 10. g3 cxd4 11. cxd4 Nb4 12. Qc4 a5 13. Qb3 f5 14. a3
fxe4 15. Nxe4 Nbd5 16. Bf2 a4 17. Qd1 b5 18. Bd3 Qb6 19. Qd2 Nf5 {Gurgenidze,B
(2470)-Chernin,A (2475) Sverdlovsk (>Yekaterinburg) 1984 0-1 (38)}) ({RR} 5. d3
Bg7 6. Nc3 Nge7 7. g3 O-O 8. Bg2 d6 9. O-O e5 10. fxe5 dxe5 11. Bg5 h6 12. Be3
b6 13. Qd2 Kh7 14. Nd5 Nxd5 15. exd5 Nd4 16. c3 Nxf3+ 17. Rxf3 f5 18. c4 g5 19.
Kh1 f4 {Kobzar,A (2148)-Birjukov,S (2018) Kerch RUS 2021 1-0 (40)}) 5... d6 6.
d3 Bg7 7. Qf2 $146 ({RR} 7. h3 Nge7 8. Bd2 Bd7 9. Qf2 Qb6 10. Be2 Nd4 11. Nxd4
Bxd4 12. Qh4 {1/2-1/2 (12) Bui,V-Vo Dai Hoai,D (2175) Hanoi 1995}) 7... b6 8.
Nd1 Nge7 9. c3 a5 10. Qh4 d5 11. Be2 Ba6 12. Nf2 dxe4 13. dxe4 Bxe2 14. Kxe2
Nc8 15. Qh3 Qe7 16. e5 b5 17. Ne4 f5 18. exf6 Bxf6 19. Be3 c4 20. Bc5 Qf7 21.
Rhf1 Be7 22. Nfg5 Bxg5 23. fxg5 Qg7 24. Qxe6+ N8e7 25. Nd6+ Kd8 26. Bb6# 1-0

[Event "Sampa Chess Open 2024"]
[Site "Sao Paulo"]
[Date "2024.02.04"]
[Round "9.28"]
[White "Jenidarchiche, Douglas Rodrigo"]
[Black "Munhoz, Joao Pedro"]
[Result "1-0"]
[WhiteElo "1845"]
[BlackElo "1608"]
[PlyCount "73"]
[EventDate "2024.01.29"]
[EventRounds "9"]
[EventCountry "BRA"]

1. d4 d5 2. c4 e6 3. Nc3 Nf6 4. cxd5 exd5 5. Bg5 Be7 6. e3 O-O 7. Bd3 c6 8.
Nge2 Nbd7 9. O-O Re8 10. Qc2 Nf8 11. f3 h6 12. Bh4 N6h7 13. Bf2 Bd6 ({RR} 13...
Bh4 14. e4 Bxf2+ 15. Rxf2 dxe4 16. fxe4 Nf6 17. Raf1 Ng4 18. Rf3 Ne6 19. d5 Ng5
20. Qb3 Nxf3+ 21. Rxf3 Ne5 22. Rg3 Qb6+ 23. Qxb6 axb6 24. Bc2 b5 25. Bb1 b4 26.
Nd1 cxd5 27. exd5 Ng4 28. Kf1 {Laurusas,T (2574)-Hoghmrtsyan,A (2271) chess.
com INT 2021 0-1 (51)}) 14. e4 dxe4 15. fxe4 Bc7 $146 ({RR} 15... Ng5 16. e5
Be7 17. Rad1 Nge6 18. Bc4 Qc7 19. Ng3 b5 20. Bb3 Ba6 21. Qf5 Bc8 22. Qh5 Bg5
23. Nge4 g6 24. Qf3 Bd8 25. Be3 Kg7 26. Nd6 Re7 27. Ncxb5 Qd7 28. Nxc8 Rxc8 29.
Nd6 Rc7 30. d5 {Hammerstad,A (2208)-Harle,B Plovdiv 2010 1-0 (34)}) ({RR} 15...
f6 16. Rad1 Qc7 17. Bg3 Bg4 18. Rc1 Rac8 19. Qb3+ Be6 20. Bxd6 Qxd6 21. Qxb7
Rb8 22. Qxa7 Rxb2 23. d5 cxd5 24. exd5 Bg4 25. Nb5 Qd8 26. Ned4 Kh8 27. Bc4 Re7
28. Qa3 Rbe2 29. Nxe2 Bxe2 30. d6 {Simon,P (2085)-Schmitt,H Kleve 2000 1-0 (40)
}) ({RR} 15... Bg4 16. Ng3 Rc8 17. e5 Bxe5 18. dxe5 Rxe5 19. Bxa7 b6 20. Bxh7+
Nxh7 21. Qf2 c5 22. Qxf7+ Kh8 23. Qb3 Qd4+ 24. Kh1 Qb4 25. Bxb6 Qxb3 26. axb3
Nf6 27. Rfe1 Rxe1+ 28. Rxe1 Nd7 29. Ba5 Nf6 30. h3 {De Freitas,J (2003)-Dos
Santos Junior,G (1761) Aldeia de Barueri 2017 1-0 (38)}) 16. Rae1 Qg5 17. Ng3
Ng6 18. e5 Nhf8 19. Be3 Qh4 20. Nf5 Bxf5 21. Bxf5 Rad8 22. Qb3 Re7 23. Qd1 Bxe5
24. h3 Bxd4 25. Kh1 Bb6 26. Qf3 Rde8 27. Ne4 Bxe3 28. g3 Rxe4 29. gxh4 Nxh4 30.
Qxe4 Rxe4 31. Bxe4 Bd4 32. Bxc6 bxc6 33. Re4 Bxb2 34. Rxh4 c5 35. Ra4 f6 36.
Rb1 Bd4 37. Rb8 1-0

[Event "Sampa Chess Open 2024"]
[Site "Sao Paulo"]
[Date "2024.02.04"]
[Round "9.29"]
[White "Sanches De Carvalho, Fabio"]
[Black "Matiuci, Bernardo Steinle"]
[Result "1-0"]
[WhiteElo "1838"]
[BlackElo "1546"]
[PlyCount "99"]
[EventDate "2024.01.29"]
[EventRounds "9"]
[EventCountry "BRA"]

1. d4 Nf6 2. Bg5 g6 3. Nd2 d5 4. e3 Bg7 5. Bd3 O-O 6. f4 b6 7. Ngf3 Bb7 8. O-O
Nbd7 $146 ({RR} 8... c5 9. c3 Nc6 10. Qe2 Rc8 11. Rad1 Qc7 12. Ne5 Nxe5 13.
fxe5 Ne4 14. Bf4 Qd7 15. h4 Nxd2 16. Rxd2 c4 17. Bb1 f5 18. exf6 exf6 19. Qf3
f5 20. h5 b5 21. hxg6 hxg6 22. Qg3 Qe6 23. Qg5 {Marendic,V-Mlacnik,F Ca'n
Picafort 1992 0-1 (44)}) 9. Qe1 c5 10. c3 Ne4 11. Qh4 Nxg5 12. Nxg5 h6 13. Ngf3
e6 14. Qg3 Nf6 15. Rad1 Ne4 16. Qh3 Qc8 17. Bb1 Bc6 18. Rfe1 Bb7 19. Ne5 b5 20.
Ndf3 Rd8 21. Ng4 e5 22. Bxe4 dxe4 23. Nfxe5 h5 24. Nf2 Bxe5 25. fxe5 Qxh3 26.
Nxh3 Bd5 27. a3 a5 28. dxc5 Rac8 29. Rd4 Bc4 30. b4 axb4 31. axb4 Rxd4 32. exd4
Ra8 33. Nf2 e3 34. Nd1 Ra1 35. Rxe3 Rxd1+ 36. Kf2 Rd2+ 37. Ke1 Rxg2 38. c6 Rg1+
39. Kf2 Ra1 40. c7 Ra8 41. d5 Kf8 42. d6 Be6 43. Rd3 Ke8 44. Ke3 Kd7 45. Kd4
Ra6 46. Kc5 Rc6+ 47. Kd4 f6 48. Rf3 fxe5+ 49. Kxe5 Rxd6 50. c8=Q+ 1-0

[Event "Sampa Chess Open 2024"]
[Site "Sao Paulo"]
[Date "2024.02.04"]
[Round "9.30"]
[White "Da Cunha, Gabriela Goes"]
[Black "De Brito E Silva, William"]
[Result "1-0"]
[WhiteElo "1837"]
[BlackElo "1549"]
[PlyCount "67"]
[EventDate "2024.01.29"]
[EventRounds "9"]
[EventCountry "BRA"]

1. d4 d5 2. c4 e6 3. cxd5 exd5 4. Nc3 Nf6 5. Bg5 Be7 6. Bxf6 Bxf6 7. e3 c6 8.
Nf3 O-O 9. Bd3 Bg4 $146 ({RR} 9... Qe7 10. O-O Bg4 11. h3 Be6 12. Nh2 g6 13.
Ne2 Bg7 14. Nf4 Bc8 15. Kh1 Nd7 16. g4 Nf6 17. Qf3 Re8 18. Rg1 Ne4 19. Bxe4
Qxe4 20. Qxe4 Rxe4 21. Nf3 Re7 22. Nd3 f6 23. Nf4 Bd7 24. Rg2 {Falais,J (1747)
-Rouffignac,T (1640) Pau 2008 1/2-1/2 (37)}) ({RR} 9... Nd7 10. O-O b6 11. b4
Bb7 12. Qc2 h6 13. Rab1 Rc8 14. Na4 Re8 15. Rfe1 Nf8 16. Qb2 Ne6 17. Bf5 Rc7
18. Rbc1 Ng5 19. Nd2 Ne4 20. Bxe4 dxe4 21. Qb1 Rce7 22. Nf1 Qd5 23. Nc3 Qf5 24.
Ng3 {Diderle,K (1175)-Mimkes,P (1065) Norderney 2014 1/2-1/2 (61)}) 10. Qc2 g6
11. Nd2 Re8 12. O-O Nd7 13. h3 Be6 14. b4 a5 15. a3 b5 16. Ne2 Qc8 17. Rac1 Nb8
18. Nb3 axb4 19. axb4 Na6 20. Qd2 Qb7 21. Na5 Qe7 22. Nxc6 Qd6 23. Bxb5 Bd7 24.
Bxa6 Rxa6 25. b5 Ra3 26. Qb4 Qxb4 27. Nxb4 Bxb5 28. Nxd5 Bd8 29. Rfe1 Kg7 30.
Nc7 Bxc7 31. Rxc7 Ra2 32. Nc3 Ra5 33. Rc5 Ra1 34. Rxa1 1-0

[Event "Sampa Chess Open 2024"]
[Site "Sao Paulo"]
[Date "2024.02.04"]
[Round "9.31"]
[White "Branquinho, Eduardo De Medeiros"]
[Black "Sulz, Isaque Sathler"]
[Result "1-0"]
[WhiteElo "1815"]
[BlackElo "1516"]
[PlyCount "69"]
[EventDate "2024.01.29"]
[EventRounds "9"]
[EventCountry "BRA"]

1. e4 c5 2. Nf3 g6 3. d4 cxd4 4. Nxd4 Bg7 5. Be3 Nc6 6. c4 Nf6 7. Nc3 d6 8. Be2
O-O 9. O-O Nd7 10. Qd2 Nc5 11. Rfd1 Bd7 12. f3 ({RR} 12. Rac1 a5 13. Ndb5 b6
14. Bh6 Na7 15. Bxg7 Kxg7 16. Qe3 f6 17. f4 Nxb5 18. cxb5 Qb8 19. Bc4 Ra7 20.
b3 Be8 21. f5 Bd7 22. Rf1 Qe8 23. Rcd1 Bc8 24. Nd5 Bb7 25. Nxb6 Bxe4 26. Na4
Qc8 {Damljanovic,B (2535)-Cebalo,M (2525) Cetinje 1990 1/2-1/2 (38)}) ({RR} 12.
Nxc6 Bxc6 13. Bd4 Bxd4 14. Qxd4 e5 15. Qxd6 Qxd6 16. Rxd6 Nxe4 17. Nxe4 Bxe4
18. f3 Bc6 19. b4 Rfd8 20. Rxd8+ Rxd8 21. b5 Be8 22. a4 Kf8 23. a5 Ke7 24. Kf2
Rd2 25. Ke3 Rb2 26. Bf1 Bd7 {Krassowizkij,J (2474)-Stillger,B (2233)
Schwaebisch Gmuend GER 2019 1-0 (41)}) 12... Nxd4 13. Bxd4 Bxd4+ $146 ({RR} 
13... Bc6 14. Bxg7 Kxg7 15. b4 Ne6 16. Qe3 Qc8 17. Rac1 Kg8 18. f4 Ng7 19. b5
Bd7 20. c5 Be6 21. cxd6 exd6 22. Rxd6 Qe8 23. Nd5 Bxd5 24. Rxd5 Qe7 25. Bf3 b6
26. Rcd1 Rac8 27. Rd7 Qb4 28. Qb3 {Hunt,A (2458)-Kislinsky,A (2529) Legnica
2011 1-0 (46)}) 14. Qxd4 Ne6 15. Qd2 Qb6+ 16. Kh1 Bc6 17. h4 Qf2 18. Qe1 Qxe1+
19. Rxe1 Nd4 20. Bd3 f5 21. exf5 Nxf5 22. Bxf5 Rxf5 23. Rxe7 Rh5 24. Nd5 Rxh4+
25. Kg1 Rxc4 26. Nf6+ Kf8 27. Rxh7 b6 28. Re1 Rf4 29. Re6 Rd8 30. Rc7 Bb5 31.
Nh7+ Kg8 32. Rxg6+ Kh8 33. Rh6 Bd7 34. Ng5+ Kg7 35. Rxd6 1-0

[Event "Sampa Chess Open 2024"]
[Site "Sao Paulo"]
[Date "2024.02.04"]
[Round "9.32"]
[White "Re, Vinicius"]
[Black "Lima, Hamilton Da Silva"]
[Result "0-1"]
[WhiteElo "1177"]
[BlackElo "1778"]
[PlyCount "78"]
[EventDate "2024.01.29"]
[EventRounds "9"]
[EventCountry "BRA"]

1. e4 e5 2. Nf3 Nc6 3. Bc4 Bc5 4. Nc3 Nf6 5. d3 O-O 6. Bg5 Be7 7. O-O a6 ({RR} 
7... d6 8. a3 Bg4 9. h3 Bh5 10. Nb1 Qd7 11. Nbd2 Nd4 12. c3 Nxe4 13. dxe4 Nxf3+
14. Nxf3 Bxg5 15. Nxe5 Bxd1 16. Nxd7 Rfd8 17. Raxd1 Rxd7 18. e5 Re8 19. exd6
Rxd6 20. Rxd6 cxd6 21. Rd1 Be7 22. Bd5 {Markosian,D (2343)-Fatianova,T (2253)
Mozhaisk 2007 1/2-1/2 (36)}) ({RR} 7... Ng4 8. Bxe7 Qxe7 9. Nd5 Qd8 10. Qd2 Nf6
11. Rfe1 d6 12. Nc3 Qe7 13. Nd5 Nxd5 14. Bxd5 Be6 15. Bxc6 bxc6 16. Qc3 Bd7 17.
Re3 d5 18. Nxe5 Qd6 19. Rd1 d4 20. Qa5 dxe3 21. fxe3 Rfb8 22. Qc3 {Aldana,
N-Allo,V Asuncion 2017 0-1 (50)}) 8. Qd2 $146 ({RR} 8. Nd5 Nxd5 9. Bxd5 Bxg5
10. Nxg5 Qxg5 11. Bxc6 bxc6 12. Qf3 d6 13. Rfe1 Be6 14. c4 Qg4 15. Re3 Qxf3 16.
Rxf3 d5 17. b3 f5 18. exd5 cxd5 19. cxd5 Bxd5 20. Re3 Rae8 21. Rae1 e4 22. d4
Rf6 {Gourlay,J-Bulliner,T Flint 1993 0-1 (41)}) ({RR} 8. a3 b5 9. Ba2 Rb8 10.
Nd5 Nxd5 11. exd5 Bxg5 12. Nxg5 Qxg5 13. dxc6 dxc6 14. Qf3 Bd7 15. Rfe1 Rbe8
16. Re3 Re7 17. Rae1 Rfe8 18. Qg3 Qxg3 19. Rxg3 Be6 20. Bxe6 Rxe6 21. Rge3 c5
22. Re4 f5 {Detelic,M-Josipovic,N Novi Vinodolski 2009 1/2-1/2 (44)}) ({RR} 8.
a4 Ng4 9. Bxe7 Qxe7 10. Nd5 Qd8 11. c3 Na7 12. h3 Nf6 13. Nxe5 c6 14. Nxf6+
Qxf6 15. f4 Qh4 16. f5 Qg3 17. Ng4 h5 18. Rf3 Qh4 19. Ne3 b5 20. axb5 axb5 21.
Bb3 Bb7 22. f6 g6 {Belyaev,M (1997)-Tumanov,V Ivanovo 2010 1-0 (39)}) 8... d6
9. h3 Na5 10. Nd5 Nxc4 11. dxc4 Nxd5 12. cxd5 f5 13. Rfe1 f4 14. Bxe7 Qxe7 15.
Rac1 Rf6 16. Kf1 Rh6 17. Qd3 Bd7 18. c4 g5 19. Nd2 g4 20. hxg4 Bxg4 21. f3 Bd7
22. b4 Qg5 23. Ke2 Rh2 24. Rg1 Rxg2+ 25. Rxg2 Qxg2+ 26. Kd1 Ba4+ 27. Ke1 Kh8
28. Qf1 Qg3+ 29. Qf2 Rg8 30. Nf1 Qg5 31. c5 Bb5 32. Kd2 Qg2 33. Ke1 Qh1 34.
cxd6 cxd6 35. Kd2 Rg2 36. Rc8+ Kg7 37. Rc7+ Kg6 38. Ke1 Rxf2 39. Kxf2 Qxf1# 0-1

[Event "Sampa Chess Open 2024"]
[Site "Sao Paulo"]
[Date "2024.02.04"]
[Round "9.33"]
[White "Dos Santos Junior, Haroldo Cunha"]
[Black "Usui, Gabriella Yumi"]
[Result "1-0"]
[WhiteElo "2033"]
[BlackElo "1448"]
[PlyCount "129"]
[EventDate "2024.01.29"]
[EventRounds "9"]
[EventCountry "BRA"]

1. d4 d5 2. Nf3 Nf6 3. Bf4 c5 4. e3 Nc6 5. c3 Qb6 6. Qb3 c4 7. Qc2 Bf5 8. Qc1
e6 9. Nbd2 Qd8 10. b3 ({RR} 10. h3 h6 11. Be2 Be7 12. O-O O-O 13. Bd1 b5 14.
Bc2 Bxc2 15. Qxc2 Bd6 16. Bxd6 Qxd6 17. e4 dxe4 18. Nxe4 Nxe4 19. Qxe4 Qd5 20.
Qxd5 exd5 21. Ne5 Nxe5 22. dxe5 f6 23. Rad1 Rad8 24. Rfe1 Kf7 {Nisipeanu,L 
(2674)-Parligras,M (2645) Bucharest ROU 2018 1-0 (51)}) ({RR} 10. Be2 b5 11.
O-O Bd6 12. Bxd6 Qxd6 13. Nh4 Bg6 14. Nxg6 hxg6 15. h3 g5 16. Qd1 Rb8 17. Bf3
Rh4 18. Re1 g4 19. Be2 gxh3 20. g3 h2+ 21. Kg2 Rh6 22. Rh1 b4 23. Rxh2 Rxh2+
24. Kxh2 bxc3 {Diakonova,E (2157)-Michel Coto,M (2348) chess.com INT 2021 1-0 
(55)}) 10... b5 11. a4 a6 12. Nh4 $146 ({RR} 12. Be2 Be7 13. O-O O-O 14. Qb2
Qd7 15. Rfd1 h6 16. Ne5 Nxe5 17. dxe5 Ne4 18. bxc4 bxc4 19. Nxe4 Bxe4 20. Bxc4
Rab8 21. Qd2 Qc6 22. Bf1 Rb3 23. f3 Bg6 24. c4 dxc4 25. Qd7 Qc5 26. Bxc4 Qxc4 {
Kharlov,A (2575)-Sadler,M (2600) Bern 1996 0-1 (43)}) ({RR} 12. Be2 Be7 13. O-O
O-O 14. h3 h6 15. Re1 Qb6 16. Ne5 Rfc8 17. Nxc6 Qxc6 18. b4 a5 19. axb5 Qxb5
20. bxa5 Rxa5 21. Rxa5 Qxa5 22. f3 Bg6 23. Bf1 Nh5 24. Bh2 Bh4 25. Rd1 Ng3 26.
e4 Nxf1 {Macagno,S (2320)-Checa,N (2400) chess.com INT 2017 0-1 (56)}) ({RR} 
12. Be2 Bd6 13. Bxd6 Qxd6 14. axb5 cxb3 15. bxc6 Rb8 16. Qb2 Qxc6 17. Rxa6 Qb7
18. O-O O-O 19. Ra3 Bc2 20. Bd1 Bd3 21. Rxb3 Qc7 22. Re1 Ra8 23. Bc2 Be4 24.
Nxe4 dxe4 25. Nd2 Ng4 26. g3 f5 {Camp,I (1820)-Head,L (2060) Doncaster 2017
1-0 (41)}) 12... Be4 13. f3 Bg6 14. Nxg6 hxg6 15. e4 Nh5 16. Be3 Ng3 17. Rg1
Nxf1 18. Nxf1 Na5 19. Nd2 Rxh2 20. axb5 axb5 21. bxc4 Nxc4 22. Nxc4 bxc4 23.
Rxa8 Qxa8 24. exd5 exd5 25. Qb2 Bd6 26. Kf2 Qc6 27. Qd2 Qc7 28. Ra1 Kd7 29. Ra6
Rh8 30. Qa2 Rb8 31. Qa4+ Ke7 32. Bc1 Qd7 33. Qxd7+ Kxd7 34. Rxd6+ Kxd6 35. Bf4+
Ke6 36. Bxb8 Kf5 37. g4+ Kg5 38. Kg3 Kh6 39. Kf4 f6 40. Bd6 Kh7 41. g5 Kg8 42.
Be7 Kf7 43. Bd8 Ke6 44. Kg4 Kf7 45. f4 f5+ 46. Kf3 Ke8 47. Ba5 Kd7 48. Ke3 Kc6
49. Kd2 Kb5 50. Bb4 Kb6 51. Kc2 Ka6 52. Kb2 Kb6 53. Ka2 Kc6 54. Ka3 Kb5 55. Be7
Ka5 56. Bd8+ Kb5 57. Bc7 Kc6 58. Ba5 Kb5 59. Bb4 Kb6 60. Ka4 Ka6 61. Bc5 Kb7
62. Kb5 Kc7 63. Bb4 Kd7 64. Kc5 Ke6 65. Kc6 1-0

[Event "Sampa Chess Open 2024"]
[Site "Sao Paulo"]
[Date "2024.02.04"]
[Round "9.34"]
[White "Barroso, Daniele Silva"]
[Black "Pittoli, Vinicius Eduardo Mo"]
[Result "0-1"]
[WhiteElo "1349"]
[BlackElo "1648"]
[PlyCount "106"]
[EventDate "2024.01.29"]
[EventRounds "9"]
[EventCountry "BRA"]

1. c4 Nf6 2. Nc3 e6 3. d4 Bb4 4. Bg5 h6 5. Bh4 g5 6. Bg3 Ne4 7. Qc2 d5 ({RR} 
7... Nxg3 8. hxg3 Qf6 9. a3 Bxc3+ 10. Qxc3 d6 11. e3 Nc6 12. Nf3 e5 13. d5 Ne7
14. Nd2 g4 15. e4 c5 16. b4 b6 17. f4 gxf3 18. gxf3 Rg8 19. g4 Ng6 20. Rxh6 {
1/2-1/2 (20) Turov,M (2582)-Priyadharshan,K (2411) Dubai 2009}) ({RR} 7... Nxg3
8. hxg3 b6 9. e3 Bb7 10. f3 Be7 11. g4 c5 12. Bd3 cxd4 13. exd4 Bf6 14. Nge2
Nc6 15. Be4 a6 16. d5 Nd4 17. Nxd4 Bxd4 18. dxe6 Bxc3+ 19. Qxc3 Bxe4 20. Qxh8+
{1-0 (20) Kretov,E (2269)-Lopez Gracia,F (2289) chess.com INT 2021}) 8. e3 Nc6
9. Nf3 $146 ({RR} 9. Bd3 Bxc3+ 10. bxc3 Nxg3 11. hxg3 dxc4 12. Bxc4 Na5 13. Bd3
b6 14. Nf3 Bb7 15. Be4 Bxe4 16. Qxe4 Ke7 17. O-O Qd5 18. Qc2 c6 19. e4 Qd6 20.
Ne5 Rag8 21. f4 f6 22. Ng6+ {1-0 (22) Misanovic,V (2360)-Mertens,K (2195)
Seefeld 1993}) ({RR} 9. Bd3 Nxg3 10. hxg3 Bd7 11. Nf3 Qf6 12. a3 Bxc3+ 13. Qxc3
O-O-O 14. b4 dxc4 15. Bxc4 g4 16. Nd2 b6 17. Rc1 Nb8 18. Bxe6 c6 19. Bxd7+ Rxd7
20. Nc4 Kb7 21. Ne5 Rc7 22. Nxg4 Qg7 23. Ne5 f6 {Bubenko,J (2042)-Vereb,A 
(1944) Hungary 2011 1-0 (50)}) ({RR} 9. Bd3 Nxg3 10. hxg3 Qf6 11. Nge2 Bd7 12.
O-O Bxc3 13. Qxc3 h5 14. e4 O-O-O 15. cxd5 exd5 16. exd5 Ne7 17. Rac1 Qd6 18.
Qa5 Kb8 19. Nc3 f5 20. Rfe1 h4 21. Qc5 Nc8 22. Re5 hxg3 23. fxg3 Qh6 {Lundin,J
(2264)-Sroczynski,M (2277) Germany 2014 1-0 (34)}) 9... Bd7 10. Bd3 f5 11. Bxe4
fxe4 12. Ne5 Nxe5 13. Bxe5 Rf8 14. c5 Bb5 15. a3 Bxc3+ 16. Qxc3 Qe7 17. b4 Qf7
18. Ra2 Bc4 19. Rb2 b5 20. h4 g4 21. Bg3 h5 22. Qd2 c6 23. Qc3 Qb7 24. Kd2 Qa6
25. Ra1 Kd7 26. Ke1 Qa4 27. Qc2 Qxc2 28. Rxc2 a5 29. bxa5 Rxa5 30. Kd2 Rfa8 31.
Rb2 Rxa3 32. Rxa3 Rxa3 33. Rb1 Kc8 34. Rb2 Kb7 35. Bd6 Ka6 36. Bc7 Rd3+ 37. Kc2
Ra3 38. g3 Bd3+ 39. Kd2 Ra4 40. Kc3 Bf1 41. Kb3 Kb7 42. Bd6 Ra1 43. Kb4 Bd3 44.
Be5 Ra4+ 45. Kc3 Rc4+ 46. Kd2 b4 47. Bd6 Ka6 48. Ra2+ Kb5 49. Bc7 b3 50. Ra8
Rc2+ 51. Kd1 b2 52. Rb8+ Kc4 53. Ba5 Rc1+ 0-1

[Event "Sampa Chess Open 2024"]
[Site "Sao Paulo"]
[Date "2024.02.04"]
[Round "9.35"]
[White "Aragao Neto, Joao Batista"]
[Black "Pereira, Igor Marcelo Souza"]
[Result "1-0"]
[WhiteElo "1585"]
[BlackElo "1351"]
[PlyCount "63"]
[EventDate "2024.01.29"]
[EventRounds "9"]
[EventCountry "BRA"]

1. Nf3 Nf6 2. d4 g6 3. c4 Bg7 4. Nc3 d6 5. e4 O-O 6. Be2 e5 7. Bg5 Re8 ({RR} 
7... Qe8 8. dxe5 dxe5 9. Nd5 Nxe4 10. Be7 Nc6 11. Bxf8 Qxf8 12. O-O Qd6 13. Nd2
Nc5 14. Nb3 Nxb3 15. axb3 Nd4 16. Bd3 Be6 17. Nc3 Qb6 18. Nb5 Nf5 19. b4 a6 20.
c5 Qc6 21. Qb1 e4 22. Be2 {Peek,M (2350)-Georgiev,K (2510) Komotini 1992 0-1 
(34)}) ({RR} 7... Nc6 8. d5 Ne7 9. Qd2 a5 10. Bh6 Nd7 11. O-O Nc5 12. Bxg7 Kxg7
13. Ne1 f5 14. f3 f4 15. Nd3 Nxd3 16. Bxd3 b6 17. Nb5 g5 18. h3 Ng6 19. a3 a4
20. Bc2 h5 21. b4 axb3 22. Bxb3 {Akgun,Y (1611)-Durak,A (1771) Konya TUR 2018
0-1 (48)}) 8. d5 $146 ({RR} 8. dxe5 dxe5 9. Qxd8 Rxd8 10. Nxe5 Re8 11. Bxf6
Bxf6 12. Ng4 Bxg4 13. Bxg4 Bxc3+ 14. bxc3 Rxe4+ 15. Be2 Nc6 16. f3 Re3 17. Kd2
Re6 18. Rhe1 Rd8+ 19. Kc2 Rde8 20. Kd2 f5 21. Rad1 Rd6+ 22. Kc2 Rxd1 {Irmos,L 
(1845)-Gyori,B Pecs 2010 1/2-1/2 (63)}) 8... a5 9. O-O Na6 10. a3 h6 11. Bh4 c6
12. Nd2 Nc7 13. f3 Bd7 14. b4 cxd5 15. exd5 Qb8 16. Nde4 Nxe4 17. Nxe4 axb4 18.
axb4 Rxa1 19. Qxa1 f5 20. Nxd6 e4 21. Bf6 Bxf6 22. Qxf6 Rf8 23. Qxg6+ Kh8 24.
Qxh6+ Kg8 25. Qg6+ Kh8 26. Nf7+ Rxf7 27. Qxf7 Qa7+ 28. Kh1 Qe3 29. Bd1 Qd3 30.
Rg1 Ba4 31. Bxa4 exf3 32. Qh5+ 1-0

[Event "Sampa Chess Open 2024"]
[Site "Sao Paulo"]
[Date "2024.02.04"]
[Round "9.36"]
[White "Alves, Josue Flor De Souza"]
[Black "Leal, Alexandre Garcia"]
[Result "0-1"]
[WhiteElo "1551"]
[BlackElo "1899"]
[PlyCount "100"]
[EventDate "2024.01.29"]
[EventRounds "9"]
[EventCountry "BRA"]

1. d4 Nf6 2. c4 e6 3. Nf3 d5 4. Nc3 c6 5. e3 Nbd7 6. Qc2 Bd6 7. Bd3 O-O 8. O-O
dxc4 9. Bxc4 e5 10. d5 ({RR} 10. Bd3 Qe7 11. Bd2 Re8 12. dxe5 Nxe5 13. Nxe5
Bxe5 {1/2-1/2 (13) Radulov,I (2505)-Spiridonov,N (2440) Baile Herculane 1982})
10... Nb6 11. Qb3 $146 ({RR} 11. Be2 Nbxd5 12. Nxd5 Nxd5 13. Rd1 Qe7 14. e4 Nf6
15. Bg5 Rd8 16. Rd2 Be6 17. a3 Bc7 18. Rad1 Rxd2 19. Rxd2 a5 20. Bc4 a4 21.
Bxe6 Qxe6 22. Bxf6 gxf6 23. Rd3 f5 24. Ng5 Qe7 25. Nxh7 Kxh7 {Henneteau,M 
(2100)-Frade Marques,H (2165) France 2002 0-1 (42)}) ({RR} 11. Qd3 e4 12. Nxe4
Nxe4 13. Qxe4 cxd5 14. Bxd5 Nxd5 15. Rd1 Nf6 16. Qa4 b5 17. Qc2 Bg4 18. Rd4
Bxf3 19. gxf3 Qc7 20. Qf5 Bxh2+ 21. Kg2 Be5 22. Rh4 g6 23. Qg5 Ne8 24. Qh6 f5
25. f4 Bf6 {Frankental,D (1782)-Quaranta Neto,F (1996) Natal 2017 0-1 (50)}) ({
RR} 11. Ne4 cxd5 12. Nxf6+ Qxf6 13. Bb3 Bg4 14. Ne1 Rac8 15. Qd2 Rfd8 16. h3
Be6 17. Qa5 Bb8 18. Bd2 Nc4 19. Bxc4 Rxc4 20. b3 Rc6 21. Rc1 Rdc8 22. Nd3 Qg6
23. Rxc6 bxc6 24. Ne1 Bxh3 25. f4 exf4 {Minko,J (1967)-Hoffmann,R (1998)
Benidorm 2009 0-1 (36)}) 11... e4 12. Nd2 cxd5 13. Be2 Be6 14. Qd1 Rc8 15. Nb5
Bb8 16. b3 Be5 17. Ba3 Bxa1 18. Qxa1 a6 19. Bxf8 Qxf8 20. Nd4 Qb4 21. Rd1 Nbd7
22. Nf1 Ne5 23. h3 Nc6 24. Ng3 Nxd4 25. Rxd4 Qa3 26. Rd1 Rc2 27. Qe5 Nd7 28.
Qg5 f6 29. Qh5 g6 30. Qh4 Qxa2 31. b4 Rd2 32. Rc1 Rc2 33. Rd1 Qb2 34. Rd4 Rd2
35. Bg4 Bxg4 36. Qxg4 Rxd4 37. Qe6+ Kf8 38. exd4 Qc1+ 39. Nf1 Qc6 40. Qg4 b6
41. Ne3 a5 42. Qd1 a4 43. Qa1 b5 44. h4 Nb6 45. h5 Nc4 46. Qc1 Qd6 47. Ng4 g5
48. Nh6 Qf4 49. Qd1 a3 50. g3 Qf3 0-1